| 000 | 01167nam a22003377a 4500 | ||
|---|---|---|---|
| 003 | CHAP | ||
| 005 | 20220329140656.0 | ||
| 008 | 971013s1975 r 00010 d | ||
| 010 | _a55861 | ||
| 011 | _a56833 | ||
| 035 | _a60986 | ||
| 040 | _cCHAP | ||
| 090 | _aFolleto 4003 | ||
| 100 | 0 | 0 |
_aZambrano Gaytán, Roberto. _9123487 |
| 245 | _aEfecto de la suplementación pre-destete y destete precoz en la fertilidad de vacas en agostadero | ||
| 260 |
_aHermosillo, Son. : _bCentro de Investigaciones Pecuarias del Estado de Sonora, _c1975 |
||
| 300 | _a6 p. | ||
| 590 |
_aBATCH-UPD _b10 _c20130110 _lUCH01 _h0733 |
||
| 590 |
_aBATCH-UPD _b10 _c20130410 _lUCH01 _h0416 |
||
| 590 |
_aBATCH-UPD _b10 _c20130914 _lUCH01 _h0553 |
||
| 590 |
_aBATCH-UPD _b10 _c20130914 _lUCH01 _h2111 |
||
| 590 |
_aCONVERSION _b10 _c20130109 _lUCH01 _h1330 |
||
| 650 | 1 | 4 |
_aBecerros _xDestete. _911178 |
| 650 | 1 | 4 |
_aGanado vacuno _xFecundidad. _945466 |
| 650 | 1 | 4 |
_aGanado vacuno _xNutrición. _945498 |
| 700 | 0 |
_aGonzález Padilla, E. _949258 |
|
| 700 | 0 |
_aRodríguez Rivera, Oscar L. _998838 |
|
| 901 | _aBK | ||
| 942 | _cFOLL | ||
| 949 |
_aFolleto 4003 _bBC _cLIBRO _d-131153 _eTS1 _i60986 _mD _si |
||
| 999 |
_c55861 _d55861 |
||